[Event "Rated Blitz game"]
[Site "?"]
[Date "2021.05.28"]
[Round "?"]
[White "hmnotanatix"]
[Black "PrawnsGambit"]
[Result "0-1"]
[WhiteElo "2465"]
[BlackElo "2465"]
[PlyCount "196"]
[EventDate "2021.??.??"]
[EventType "blitz"]

1. e4 e5 2. Nf3 d5 3. Nc3 d4 4. Nb1 Bd6 5. Bc4 c5 6. a4 Nc6 7. d3 Qe7 8. Bg5 f6
9. Bd2 Be6 10. Na3 O-O-O 11. Bxe6+ Qxe6 12. Nc4 Nge7 13. Nh4 g6 14. g4 h5 15.
h3 hxg4 16. Qe2 gxh3 17. Nf3 Qg4 18. O-O-O h2 19. Nxd4 Qxe2 20. Nxe2 Nd4 21.
Nxd4 cxd4 22. Nxd6+ Rxd6 23. f4 Rh3 24. fxe5 fxe5 25. Bb4 Rd7 26. Rd2 Nc6 27.
Ba3 Rdh7 28. Rg2 Nd8 29. Rxg6 Kd7 30. Rd6+ Ke8 31. Rg6 Kf7 32. Rg2 Ne6 33. Bd6
Kf6 34. Rf2+ Nf4 35. Rxf4+ exf4 36. Bxf4 Rf3 37. Bb8 Rfh3 38. b4 Kg5 39. Be5
Kg4 40. Bxd4 a6 41. Be5 Kf3 42. Bxh2 Rxh2 43. Rf1+ Ke3 44. Rf5 Re2 45. Kb2 b6
46. Rf6 Rc7 47. Rxb6 Rexc2+ 48. Kb1 Rd2 49. Rxa6 Rh7 50. Rc6 Rh1+ 51. Rc1 Rxc1+
52. Kxc1 Rxd3 53. Kc2 Kxe4 54. a5 Rh3 55. b5 Kd5 56. a6 Kc5 57. a7 Rh8 58. Kc3
Ra8 59. b6 Kxb6 60. Kd4 Rxa7 61. Kd5 Rc7 62. Kd6 Rc5 63. Ke6 Kc6 64. Ke7 Rd5
65. Ke6 Rd6+ 66. Ke5 Kd7 67. Ke4 Ke7 68. Ke5 Kd7 69. Ke4 Kc6 70. Ke5 Kc5 71.
Ke4 Rd7 72. Ke5 Re7+ 73. Kf4 Kd6 74. Kf5 Re5+ 75. Kf4 Kd5 76. Kf3 Re7 77. Kf4
Kd4 78. Kf5 Kd5 79. Kf6 Re3 80. Kf5 Rf3+ 81. Kg4 Ke4 82. Kg5 Rf5+ 83. Kg4 Rf8
84. Kg5 Ke5 85. Kg6 Rf1 86. Kg7 Ke6 87. Kg8 Ke7 88. Kh7 Rg1 89. Kh6 Kf6 90. Kh5
Kf5 91. Kh4 Rg8 92. Kh3 Kf4 93. Kh2 Kf3 94. Kh1 Rh8+ 95. Kg1 Rg8+ 96. Kf1 Rh8
97. Ke1 Rd8 98. Kf1 Rd1# {Normal} 0-1

[Event "Rated Blitz game"]
[Site "?"]
[Date "2021.05.28"]
[Round "?"]
[White "GMJOEY93"]
[Black "PrawnsGambit"]
[Result "0-1"]
[WhiteElo "2621"]
[BlackElo "2450"]
[PlyCount "90"]
[EventDate "2021.??.??"]
[EventType "blitz"]

1. e4 e5 2. Nf3 d5 3. d4 dxe4 4. Nxe5 Bd6 5. Nc4 Nf6 6. Bg5 Nc6 7. c3 Be7 8.
Nbd2 Bf5 9. Qb3 Rb8 10. h3 O-O 11. Ne3 Bg6 12. Be2 Nh5 13. Bxe7 Qxe7 14. Bxh5
Bxh5 15. O-O Kh8 16. Rae1 f5 17. f4 Bf7 18. Qc2 Qd7 19. Rf2 b5 20. a3 Ne7 21.
Kh2 c6 22. Rg1 h5 23. g4 hxg4 24. hxg4 Bd5 25. Qd1 fxg4 26. Rxg4 Nf5 27. Ndf1
Rf6 28. Rg5 Rh6+ 29. Rh5 Rf8 30. Rxh6+ Nxh6 31. Qh5 Qf7 32. Qxf7 Rxf7 33. f5 a5
34. Kg3 a4 35. Kf4 Kg8 36. Ke5 Kf8 37. Nxd5 cxd5 38. Ne3 g6 39. f6 Ng8 40. Nxd5
Ke8 41. Kxe4 Kd7 42. Ke5 Rf8 43. f7 Re8+ 44. fxe8=Q+ Kxe8 45. Ke6 Nh6 {Time
forfeit} 0-1

[Event "Rated Blitz game"]
[Site "?"]
[Date "2021.05.28"]
[Round "?"]
[White "garri1976"]
[Black "Pashkomarku"]
[Result "1-0"]
[WhiteElo "2462"]
[BlackElo "2310"]
[PlyCount "115"]
[EventDate "2021.??.??"]
[EventType "blitz"]

1. e4 e5 2. Nf3 d5 3. exd5 Qxd5 4. Nc3 Qe6 5. d3 Nc6 6. g3 Bd7 7. Bg2 O-O-O 8.
O-O f5 9. Re1 Be8 10. Ng5 Qg6 11. a3 h6 12. Nf3 e4 13. Nh4 Qf7 14. Bh3 Nge7 15.
f4 exf3 16. Qxf3 Nd4 17. Qf2 g5 18. Rxe7 Bxe7 19. Nxf5 Nxf5 20. Qxf5+ Qxf5 21.
Bxf5+ Kb8 22. Ne4 Bc6 23. Be3 Bxe4 24. Bxe4 b6 25. b4 Bf6 26. Rf1 Bd4 27. Bxd4
Rxd4 28. Rf7 Kc8 29. Kf2 Rdd8 30. Ke3 Rdf8 31. Rg7 Rf1 32. a4 Ra1 33. Bc6 Rb1
34. c3 Rc1 35. Kd4 Rd8+ 36. Kc4 Rc2 37. h4 gxh4 38. gxh4 Rh2 39. Rg4 h5 40. Rf4
Rg8 41. d4 a6 42. a5 b5+ 43. Kb3 Kd8 44. Rf5 Rxh4 45. Rf3 Rhg4 46. Bb7 R4g6 47.
Rh3 Rh8 48. c4 bxc4+ 49. Kxc4 h4 50. b5 axb5+ 51. Kxb5 Rh5+ 52. d5 Rg3 53. Rh1
Rb3+ 54. Ka6 Rh6+ 55. Ka7 Kd7 56. a6 Kd6 57. Rc1 Kd7 58. Bc6+ {Time forfeit}
1-0

[Event "Rated Blitz game"]
[Site "?"]
[Date "2021.05.28"]
[Round "?"]
[White "hmnotanatix"]
[Black "PrawnsGambit"]
[Result "1/2-1/2"]
[WhiteElo "2465"]
[BlackElo "2465"]
[PlyCount "123"]
[EventDate "2021.??.??"]
[EventType "blitz"]

1. e4 e5 2. Nf3 d5 3. exd5 e4 4. c4 exf3 5. Qxf3 Nf6 6. d4 Bg4 7. Qe3+ Qe7 8.
f3 Bf5 9. Nc3 c6 10. dxc6 Nxc6 11. d5 Nd4 12. Kf2 Qxe3+ 13. Bxe3 Nc2 14. Rd1
Nxe3 15. Kxe3 Bc5+ 16. Kf4 Bd7 17. g4 Bd6+ 18. Ke3 O-O-O 19. Bd3 Rhe8+ 20. Kd2
Bf4+ 21. Kc2 Re3 22. Rdf1 Rde8 23. h3 h6 24. a4 a6 25. a5 Be5 26. b4 Bxc3 27.
Kxc3 R8e7 28. Kd2 Ne8 29. Re1 Rxe1 30. Rxe1 Rxe1 31. Kxe1 Nf6 32. Kd2 g5 33.
Ke3 Kc7 34. Kd4 Ne8 35. c5 f6 36. Bg6 Ng7 37. Bd3 h5 38. Ke3 h4 39. f4 gxf4+
40. Kxf4 Kd8 41. c6 bxc6 42. Bxa6 cxd5 43. Bb7 Be6 44. b5 Kc7 45. Bc6 Bd7 46.
Bxd5 Bxb5 47. g5 f5 48. g6 Bf1 49. Kg5 Bxh3 50. Kxh4 Kd6 51. Kxh3 Kxd5 52. a6
Kc6 53. Kh4 Kb6 54. Kg5 Kxa6 55. Kf6 f4 56. Kxg7 f3 57. Kh7 f2 58. g7 f1=Q 59.
g8=Q Qh1+ 60. Kg7 Qg1+ 61. Kf8 Qxg8+ 62. Kxg8 {Normal} 1/2-1/2

[Event "Rated Blitz tournament rRiEKwqA"]
[Site "?"]
[Date "2021.05.27"]
[Round "?"]
[White "cesar_r826"]
[Black "CarlitosCL"]
[Result "0-1"]
[WhiteElo "2457"]
[BlackElo "2287"]
[PlyCount "68"]
[EventDate "2021.??.??"]
[EventType "blitz"]

1. e4 e5 2. Nf3 d5 3. Nc3 d4 4. Ne2 Bd6 5. d3 Ne7 6. c3 c5 7. Ng3 O-O 8. Nh4
Nbc6 9. Be2 Ng6 10. Nhf5 Nh4 11. O-O Nxf5 12. exf5 Bd7 13. Bg4 dxc3 14. bxc3 c4
15. dxc4 Be7 16. Rb1 Rb8 17. Ne4 Qc8 18. Qf3 f6 19. Rd1 Rd8 20. Be3 Na5 21. c5
Bc6 22. h4 Nc4 23. h5 Rxd1+ 24. Rxd1 h6 25. Qe2 Nxe3 26. Qxe3 Qc7 27. Nd6 Rd8
28. Qd3 Kh7 29. g3 b6 30. Qc4 Bxd6 31. cxd6 Rxd6 32. Re1 Qd7 33. Kh2 Rd2 34.
Rf1 Bb5 {Normal} 0-1

[Event "Rated Blitz game"]
[Site "?"]
[Date "2021.05.27"]
[Round "?"]
[White "Benj_78"]
[Black "Waidelich"]
[Result "1-0"]
[WhiteElo "2304"]
[BlackElo "2404"]
[PlyCount "105"]
[EventDate "2021.??.??"]
[EventType "blitz"]

1. e4 e5 2. Nf3 d5 3. Nxe5 dxe4 4. Ng4 Bc5 5. c3 Nf6 6. Be2 Nxg4 7. Bxg4 Qh4 8.
O-O Bxg4 9. Qa4+ Nc6 10. Qxe4+ Ne7 11. h3 h5 12. Qxb7 O-O 13. hxg4 hxg4 14. d4
Bd6 15. g3 Qh3 16. Qg2 Qh5 17. Nd2 f5 18. Nc4 Rab8 19. Nxd6 cxd6 20. b3 Ng6 21.
Qd5+ Kh7 22. Qh1 Qxh1+ 23. Kxh1 Rbc8 24. c4 f4 25. gxf4 Nxf4 26. Kh2 Nd3 27.
Be3 Rf3 28. Kg2 Rcf8 29. Rad1 Nb4 30. Rd2 d5 31. c5 R8f5 32. a3 Nc6 33. b4 Ne7
34. b5 Ng6 35. c6 Nh4+ 36. Kh2 Rh3+ 37. Kg1 Nf3+ 38. Kg2 Nh4+ 39. Kg1 Nf3+ 40.
Kg2 Nxd2 41. Bxd2 Kg6 42. Be3 Rf7 43. a4 Rhf3 44. Rc1 g3 45. c7 gxf2 46. c8=Q
f1=Q+ 47. Rxf1 Rxf1 48. Qg4+ Kh7 49. Qh5+ Kg8 50. Qxd5 R1f6 51. a5 Rg6+ 52. Kh3
Kf8 53. Qd8# {Normal} 1-0

[Event "Rated Blitz game"]
[Site "?"]
[Date "2021.05.27"]
[Round "?"]
[White "ArnieChipmunk"]
[Black "ibrahim_karpove2711"]
[Result "0-1"]
[WhiteElo "2446"]
[BlackElo "2281"]
[PlyCount "108"]
[EventDate "2021.??.??"]
[EventType "blitz"]

1. e4 e5 2. Nf3 d5 3. exd5 e4 4. Qe2 f5 5. Nc3 Bb4 6. Qb5+ Bd7 7. Qxb4 exf3 8.
Qxb7 Qe7+ 9. Kd1 Nf6 10. d6 cxd6 11. Bb5 O-O 12. Re1 Ne4 13. Nxe4 fxe4 14. Qxa8
Bxb5 15. Qd5+ Kh8 16. Qxb5 fxg2 17. Qe2 Qg5 18. d3 Qg6 19. Rg1 exd3 20. cxd3
Nc6 21. Be3 Ne5 22. f4 Nxd3 23. Rxg2 Qe4 24. Bd4 Qxd4 25. Qd2 Rc8 26. Rb1 h6
27. f5 Re8 28. f6 Re1+ 29. Kc2 Nb4+ 30. Kb3 Re3+ 31. Ka4 Nd3+ 32. b4 Nc5+ 33.
Kb5 a6+ 34. Kb6 Ne4+ 35. Qxd4 Nxf6 36. Rxg7 Kxg7 37. Qxe3 Nd5+ 38. Kc6 Nxe3 39.
Re1 Nc2 40. Rg1+ Kf6 41. Rc1 Nxb4+ 42. Kd7 Nxa2 43. Rf1+ Ke5 44. Ra1 Nc3 45.
Re1+ Kd5 46. Ra1 Nb5 47. Ra5 Kc5 48. Ra3 a5 49. Rg3 Kb4 50. Rh3 d5 51. Rh4+ Nd4
52. Rh3 Kc5 53. Rb3 Nxb3 54. h4 d4 {Time forfeit} 0-1

[Event "Rated Blitz game"]
[Site "?"]
[Date "2021.05.27"]
[Round "?"]
[White "pupilo29"]
[Black "pasha1984"]
[Result "1-0"]
[WhiteElo "2405"]
[BlackElo "2386"]
[PlyCount "91"]
[EventDate "2021.??.??"]
[EventType "blitz"]

1. e4 e5 2. Nf3 d5 3. exd5 e4 4. Nd4 Nf6 5. Nc3 Bc5 6. Bb5+ Nbd7 7. Nb3 Bb6 8.
O-O O-O 9. d3 exd3 10. Qxd3 Ne5 11. Qg3 Ng6 12. Bg5 h6 13. Bxf6 Qxf6 14. Rad1
Bf5 15. Bd3 Rad8 16. Bxf5 Qxf5 17. Nd4 Bxd4 18. Rxd4 Qxc2 19. Qxc7 Qxb2 20. Rb1
Qa3 21. Ra4 Qd6 22. Qxd6 Rxd6 23. Rxb7 Rc8 24. Ra3 Rxd5 25. g3 Rd3 26. Raxa7
Rdxc3 27. Rxf7 Nf8 28. Rxg7+ Kh8 29. Rgf7 R3c6 30. a3 Rg6 31. a4 Kg8 32. a5
Rcc6 33. Kg2 Ra6 34. f4 Rxa7 35. Rxa7 Rc6 36. g4 Rd6 37. h4 Rd3 38. h5 Nh7 39.
a6 Nf6 40. g5 hxg5 41. fxg5 Nxh5 42. Rb7 Nf4+ 43. Kf1 Rf3+ 44. Ke1 Ra3 45. a7
Nd3+ 46. Kd2 {Normal} 1-0

[Event "Rated Blitz game"]
[Site "?"]
[Date "2021.05.27"]
[Round "?"]
[White "abricot"]
[Black "Taabling"]
[Result "1-0"]
[WhiteElo "2549"]
[BlackElo "2472"]
[PlyCount "67"]
[EventDate "2021.??.??"]
[EventType "blitz"]

1. e4 e5 2. Nf3 d5 3. exd5 Bd6 4. Nc3 Nf6 5. Bb5+ c6 6. dxc6 Nxc6 7. d4 e4 8.
Ng5 O-O 9. O-O Bf5 10. Bxc6 bxc6 11. Re1 Re8 12. f3 Qc7 13. fxe4 Bxh2+ 14. Kh1
Bg4 15. Qd3 Bg3 16. Rf1 h6 17. e5 Bh4 18. exf6 hxg5 19. Ne4 Bh5 20. Bxg5 Bxg5
21. Nxg5 Bg6 22. Qh3 Rad8 23. c3 Rd5 24. Qh4 Rd6 25. fxg7 Kxg7 26. Rxf7+ Bxf7
27. Qh7+ Kf8 28. Rf1 Rf6 29. Qh8+ Ke7 30. Qxf6+ Kd7 31. Qxf7+ Kd8 32. Qxc7+
Kxc7 33. Rf2 Re1+ 34. Kh2 {Normal} 1-0

[Event "Rated Blitz game"]
[Site "?"]
[Date "2021.05.27"]
[Round "?"]
[White "H_Eduard"]
[Black "jflup"]
[Result "0-1"]
[WhiteElo "2351"]
[BlackElo "2476"]
[PlyCount "37"]
[EventDate "2021.??.??"]
[EventType "blitz"]

1. e4 e5 2. Nf3 d5 3. exd5 e4 4. Nd4 Qxd5 5. c3 Nf6 6. Qb3 Qxb3 7. axb3 Bc5 8.
Nb5 Bb6 9. d4 Nc6 10. N5a3 O-O 11. Nc4 Bf5 12. Nba3 Ne7 13. Nc2 Ned5 14. N2e3
Bg6 15. Be2 Nf4 16. g3 Nd3+ 17. Bxd3 exd3 18. Kd2 Ne4+ 19. Kd1 {Normal} 0-1

[Event "Rated Blitz game"]
[Site "?"]
[Date "2021.05.27"]
[Round "?"]
[White "waist"]
[Black "FourNinetySix"]
[Result "0-1"]
[WhiteElo "2282"]
[BlackElo "2448"]
[PlyCount "50"]
[EventDate "2021.??.??"]
[EventType "blitz"]

1. e4 e5 2. Nf3 d5 3. exd5 Bd6 4. d4 e4 5. Nfd2 Nf6 6. Bb5+ Nbd7 7. Nc4 Nxd5 8.
Nxd6+ cxd6 9. Be2 O-O 10. O-O f5 11. c4 N5f6 12. Bf4 d5 13. cxd5 Nb6 14. d6
Nbd5 15. Be5 Be6 16. Nc3 a6 17. Rc1 f4 18. Bc4 Kh8 19. Bxf6 Nxc3 20. Rxc3 Qxf6
21. Qb3 Bxc4 22. Rxc4 f3 23. Qxb7 Qg6 24. g3 Qe6 25. Kh1 Qxc4 {Normal} 0-1

[Event "Rated Blitz game"]
[Site "?"]
[Date "2021.05.27"]
[Round "?"]
[White "capmega"]
[Black "Taabling"]
[Result "0-1"]
[WhiteElo "2354"]
[BlackElo "2470"]
[PlyCount "66"]
[EventDate "2021.??.??"]
[EventType "blitz"]

1. e4 e5 2. Nf3 d5 3. Nxe5 Bd6 4. d4 dxe4 5. Nc4 Nf6 6. Nc3 Bb4 7. Bd2 Qxd4 8.
Nb5 Bxd2+ 9. Nxd2 Qb6 10. Nc4 Qc5 11. Qd2 a6 12. b4 Qe7 13. Ncd6+ cxd6 14.
Nxd6+ Kf8 15. Nxc8 Qc7 16. Qd6+ Qxd6 17. Nxd6 Nc6 18. a3 b5 19. c4 bxc4 20.
Bxc4 Ra7 21. O-O Ne5 22. Rac1 g6 23. Nc8 Rc7 24. Bxa6 Rxc1 25. Rxc1 Kg7 26. b5
Nd3 27. Rc2 Nd7 28. b6 N7c5 29. b7 Nxa6 30. Rc6 Nb8 31. Rc4 Rd8 32. Rxe4 Rd7
33. Re3 Nc5 {Normal} 0-1

[Event "Rated Blitz tournament ooWblj4P"]
[Site "?"]
[Date "2021.05.27"]
[Round "?"]
[White "jure_pl91"]
[Black "ThePuB"]
[Result "1/2-1/2"]
[WhiteElo "2466"]
[BlackElo "2223"]
[PlyCount "104"]
[EventDate "2021.??.??"]
[EventType "blitz"]

1. e4 e5 2. Nf3 d5 3. Nxe5 dxe4 4. d4 Bd6 5. Nc4 Nf6 6. Be2 O-O 7. h3 Bf5 8.
Be3 Nc6 9. Nxd6 Qxd6 10. c4 Rad8 11. d5 Ne5 12. O-O b6 13. Nc3 Nd3 14. Bxd3
exd3 15. Qf3 Bg6 16. Bf4 Qb4 17. Bxc7 Rd7 18. Be5 Qxc4 19. Bxf6 gxf6 20. Qxf6
Qb4 21. f4 Rd6 22. Qe5 f6 23. Qe3 Re8 24. Qf2 Bf7 25. Rad1 Bxd5 26. Rxd3 Bf7
27. Rg3+ Kh8 28. a3 Qd4 29. Nb5 Qxf2+ 30. Rxf2 Rd1+ 31. Kh2 a6 32. Nc7 Ree1 33.
Rc3 a5 34. Nb5 Rf1 35. Rxf1 Rxf1 36. Kg3 Rb1 37. Rc7 Rxb2 38. Rxf7 Rxb5 39.
Rxf6 Rb3+ 40. Kg4 Kg7 41. Rc6 b5 42. Rb6 b4 43. axb4 Rxb4 44. Ra6 a4 45. Kg5
h6+ 46. Kf5 Rb5+ 47. Kg4 Rb4 48. g3 Rc4 49. Ra7+ Kg6 50. Ra6+ Kg7 51. Ra7+ Kf8
52. Ra6 Kg7 {Normal} 1/2-1/2

[Event "Rated Blitz tournament CgRDejf4"]
[Site "?"]
[Date "2021.05.27"]
[Round "?"]
[White "Maus7"]
[Black "gmmds2694"]
[Result "1-0"]
[WhiteElo "2647"]
[BlackElo "2547"]
[PlyCount "77"]
[EventDate "2021.??.??"]
[EventType "blitz"]

1. e4 e5 2. Nf3 d5 3. Nxe5 Bd6 4. d4 dxe4 5. Nc4 Nf6 6. Nc3 O-O 7. Be2 Nc6 8.
Be3 Bb4 9. a3 Bxc3+ 10. bxc3 Nd5 11. Bd2 f5 12. Ne3 f4 13. Nxd5 Qxd5 14. Qb1 e3
15. fxe3 Qxg2 16. Rf1 f3 17. Rf2 Qg1+ 18. Bf1 Bh3 19. Qb5 Kh8 20. Qh5 Bxf1 21.
Rxf1 f2+ 22. Ke2 Qg2 23. h3 Qe4 24. Rac1 Rf4 25. Rxf2 Rxf2+ 26. Kxf2 Rf8+ 27.
Ke2 Ne7 28. Qg4 Qd5 29. Rg1 Nf5 30. e4 Qc4+ 31. Kd1 g6 32. exf5 Rxf5 33. Qe2
Qa2 34. Qe8+ Kg7 35. Qe7+ Rf7 36. Qe5+ Kg8 37. Re1 Qb1+ 38. Bc1 Qxc2+ 39. Kxc2
{Normal} 1-0

[Event "Rated Blitz game"]
[Site "?"]
[Date "2021.05.27"]
[Round "?"]
[White "Messi10barca"]
[Black "KamranShirazi"]
[Result "1-0"]
[WhiteElo "2686"]
[BlackElo "2528"]
[PlyCount "107"]
[EventDate "2021.??.??"]
[EventType "blitz"]

1. e4 e5 2. Nf3 d5 3. Nxe5 Bd6 4. d4 dxe4 5. Nc3 Bxe5 6. dxe5 Qxd1+ 7. Nxd1 Nc6
8. Bb5 Bd7 9. Nc3 O-O-O 10. Bf4 Nxe5 11. Bxe5 Bxb5 12. Nxb5 f6 13. Bg3 Nh6 14.
Nxc7 Nf5 15. Ne6 Rd7 16. Rd1 Re8 17. Rxd7 Kxd7 18. Nc5+ Kc6 19. Nb3 e3 20. O-O
b6 21. fxe3 Nxg3 22. hxg3 Rxe3 23. Kf2 Re7 24. Re1 Rd7 25. c3 a5 26. Nd4+ Kc5
27. Re6 Rc7 28. a4 Kc4 29. Rxb6 Kd3 30. Rb5 Ra7 31. Nc6 Rc7 32. Nxa5 Re7 33.
Rd5+ Kc2 34. b4 Kxc3 35. b5 Re6 36. Nc6 Kc4 37. Rd1 Kc5 38. Rc1+ Kb6 39. Nd4
Re4 40. Rc6+ Kb7 41. Rc4 Kb6 42. Kf3 f5 43. Rc6+ Kb7 44. Rd6 g5 45. a5 g4+ 46.
Kf2 f4 47. a6+ Ka7 48. Rd7+ Ka8 49. Nc6 fxg3+ 50. Kxg3 Re3+ 51. Kh2 g3+ 52. Kh3
Re7 53. Rxe7 h5 54. Ra7# {Normal} 1-0

[Event "Rated Blitz tournament KsLM3S8C"]
[Site "?"]
[Date "2021.05.27"]
[Round "?"]
[White "BaleevK"]
[Black "Schachelite"]
[Result "1-0"]
[WhiteElo "2366"]
[BlackElo "2416"]
[PlyCount "87"]
[EventDate "2021.??.??"]
[EventType "blitz"]

1. e4 e5 2. Nf3 d5 3. Nxe5 Bd6 4. d4 dxe4 5. Nc4 Nf6 6. Bg5 O-O 7. Be2 Nc6 8.
c3 h6 9. Bh4 Be7 10. Nbd2 Bf5 11. Ne3 Bg6 12. O-O Qd7 13. Qc2 Rae8 14. Rfe1 a6
15. a4 Nd5 16. Bxe7 Nxe3 17. fxe3 Qxe7 18. Qb3 b6 19. Bxa6 Qg5 20. Bb5 Re6 21.
d5 Na5 22. Qc2 Qxd5 23. b4 Rd6 24. Rad1 c6 25. Bf1 Nb7 26. Nc4 Qe6 27. Nxd6
Nxd6 28. Qd2 Nf5 29. Qd7 Qf6 30. a5 bxa5 31. bxa5 Qxc3 32. Qd2 Qc5 33. a6 Ne7
34. Qd4 Qa7 35. Qxa7 Nd5 36. Qc5 Kh7 37. Rxd5 cxd5 38. a7 Ra8 39. Ra1 Rxa7 40.
Rxa7 Bf5 41. Qe7 Be6 42. Qxe6 d4 43. Qxf7 h5 44. Qxg7# {Normal} 1-0

[Event "Rated Blitz game"]
[Site "?"]
[Date "2021.05.27"]
[Round "?"]
[White "Tstruch"]
[Black "elcabusin"]
[Result "0-1"]
[WhiteElo "2242"]
[BlackElo "2406"]
[PlyCount "34"]
[EventDate "2021.??.??"]
[EventType "blitz"]

1. e4 e5 2. Nf3 d5 3. exd5 e4 4. Qe2 Nf6 5. d3 Qxd5 6. Nbd2 Be7 7. Nxe4 O-O 8.
Nxf6+ Bxf6 9. Qe4 Qc5 10. Qc4 Qb6 11. Qb3 Qd6 12. Be3 Nc6 13. Be2 a5 14. a3 a4
15. Qb5 Ra5 16. Qc4 Bxb2 17. Ra2 Be6 {Normal} 0-1

[Event "Rated Blitz tournament teyQawcg"]
[Site "?"]
[Date "2021.05.27"]
[Round "?"]
[White "Faulitemporary"]
[Black "dr_xStranger"]
[Result "0-1"]
[WhiteElo "2303"]
[BlackElo "2493"]
[PlyCount "40"]
[EventDate "2021.??.??"]
[EventType "blitz"]

1. e4 e5 2. Nf3 d5 3. Qe2 dxe4 4. Qxe4 Nf6 5. Qxe5+ Be7 6. Qe2 O-O 7. Qd1 Re8
8. Be2 Bd6 9. O-O Nc6 10. c3 Bg4 11. d4 Nd5 12. h3 Bh5 13. Nbd2 Nf4 14. Bc4 Na5
15. b4 Nxc4 16. Nxc4 Qd7 17. Nxd6 Ne2+ 18. Kh1 Bxf3 19. Kh2 Qxd6+ 20. g3 Nxg3 {
Normal} 0-1

[Event "Rated Blitz game"]
[Site "?"]
[Date "2021.05.27"]
[Round "?"]
[White "denis_89"]
[Black "GoughPhar"]
[Result "1-0"]
[WhiteElo "2326"]
[BlackElo "2440"]
[PlyCount "43"]
[EventDate "2021.??.??"]
[EventType "blitz"]

1. e4 e5 2. Nf3 d5 3. Nxe5 Bd6 4. d4 dxe4 5. Nc3 Bxe5 6. dxe5 Qxd1+ 7. Nxd1 Nc6
8. Bf4 Bf5 9. Ne3 O-O-O 10. Nxf5 Nb4 11. Ne3 Ne7 12. a3 Nbd5 13. Bg5 f6 14.
exf6 gxf6 15. Nxd5 Nxd5 16. Be3 f5 17. g3 Nxe3 18. fxe3 Rd5 19. Bc4 Rc5 20. Bb3
Rd8 21. Rd1 b5 22. Be6+ {Normal} 1-0

[Event "Rated Blitz game"]
[Site "?"]
[Date "2021.05.27"]
[Round "?"]
[White "good_knight_kisses"]
[Black "KinzyabulatovRenat"]
[Result "1-0"]
[WhiteElo "2408"]
[BlackElo "2374"]
[PlyCount "95"]
[EventDate "2021.??.??"]
[EventType "blitz"]

1. e4 e5 2. Nf3 d5 3. exd5 e4 4. Qe2 Nf6 5. Nc3 Be7 6. Nxe4 Nxd5 7. d3 O-O 8.
Qd1 Re8 9. Be2 c5 10. O-O Nc6 11. Bd2 Bf5 12. Re1 Bf8 13. Nc3 Nf6 14. Nh4 Be6
15. Bf3 Nd4 16. Ne2 Nxf3+ 17. Nxf3 Bg4 18. Ng3 Bd6 19. Rxe8+ Qxe8 20. h3 Bxg3
21. hxg4 Bc7 22. g5 Nd5 23. Qe1 Qd7 24. Qe4 Re8 25. Qc4 Qd6 26. Qb5 Re2 27. Re1
Rxe1+ 28. Bxe1 h6 29. Qe8+ Qf8 30. Qxf8+ Kxf8 31. gxh6 gxh6 32. Bd2 Kg7 33. Nh4
Ne7 34. Be3 b6 35. g4 Ng6 36. Nf5+ Kf6 37. Bxh6 Ne5 38. Bg7+ Kg5 39. Bxe5 Bxe5
40. Ne3 Bxb2 41. Kg2 Bc1 42. Kf3 a6 43. Nc4 b5 44. Nd6 f6 45. Ne4+ Kg6 46. Nxc5
Ba3 47. Nxa6 Bd6 48. Ke4 {Time forfeit} 1-0

[Event "Rated Blitz tournament teyQawcg"]
[Site "?"]
[Date "2021.05.27"]
[Round "?"]
[White "Torjaeger10"]
[Black "dr_xStranger"]
[Result "1-0"]
[WhiteElo "2444"]
[BlackElo "2510"]
[PlyCount "93"]
[EventDate "2021.??.??"]
[EventType "blitz"]

1. e4 e5 2. Nf3 d5 3. exd5 e4 4. Qe2 Nf6 5. d3 Bb4+ 6. c3 O-O 7. dxe4 Bc5 8.
Nbd2 Re8 9. h3 Nxd5 10. g3 f5 11. Bg2 fxe4 12. Nd4 Bxd4 13. cxd4 e3 14. Ne4
exf2+ 15. Qxf2 Nf6 16. O-O Nbd7 17. Bg5 Rf8 18. Qc2 Kh8 19. Rf2 h6 20. Bh4 g5
21. Nxg5 hxg5 22. Bxg5 Qe7 23. Raf1 Qg7 24. Qd2 Qg6 25. Qf4 Kg7 26. h4 Rf7 27.
Qxc7 Kh8 28. Qd8+ Kg7 29. Bh3 Rf8 30. Qe7+ Qf7 31. Qd6 Qg6 32. Bxd7 Bxd7 33.
Rxf6 Rxf6 34. Rxf6 Qb1+ 35. Rf1 Qxf1+ 36. Kxf1 Rf8+ 37. Kg1 Rf7 38. Qe5+ Kg6
39. Be7 Bh3 40. Qg5+ Kh7 41. h5 Rf1+ 42. Kh2 Be6 43. Bf6 Rf2+ 44. Kg1 Rxf6 45.
Qxf6 Bxa2 46. h6 Kg8 47. Qg7# {Normal} 1-0

[Event "Rated Blitz game"]
[Site "?"]
[Date "2021.05.27"]
[Round "?"]
[White "GuruChessAcademy"]
[Black "Gnojnyj"]
[Result "0-1"]
[WhiteElo "2440"]
[BlackElo "2815"]
[PlyCount "76"]
[EventDate "2021.??.??"]
[EventType "blitz"]

1. e4 e5 2. Nf3 d5 3. Nxe5 Bd6 4. d4 dxe4 5. Nc3 Bxe5 6. dxe5 Qxd1+ 7. Nxd1 Nc6
8. Bf4 Nge7 9. Bb5 Bd7 10. Nc3 O-O-O 11. Nxe4 Nb4 12. Bxd7+ Rxd7 13. O-O Ng6
14. Bg3 Nxc2 15. Rac1 Nd4 16. Rfe1 Ne6 17. h4 h5 18. Re3 Rhd8 19. Kh2 b6 20.
Rec3 Kb7 21. f3 a6 22. b4 Ngf4 23. R1c2 Nd5 24. Rc4 Ne3 25. a4 Rd1 26. Ng5 Nxc2
27. Rxc2 R8d7 28. f4 g6 29. Ne4 R1d4 30. Nf6 Rd2 31. Rxd2 Rxd2 32. f5 gxf5 33.
Nxh5 c5 34. bxc5 bxc5 35. Nf4 c4 36. h5 c3 37. Nxe6 fxe6 38. Bf4 Rd4 {Time
forfeit} 0-1

[Event "Rated Blitz tournament 4fhsItx2"]
[Site "?"]
[Date "2021.05.27"]
[Round "?"]
[White "mrsavic777"]
[Black "Madjrs72"]
[Result "1-0"]
[WhiteElo "2724"]
[BlackElo "2328"]
[PlyCount "127"]
[EventDate "2021.??.??"]
[EventType "blitz"]

1. e4 e5 2. Nf3 d5 3. exd5 e4 4. Qe2 Nf6 5. d3 Qxd5 6. Nc3 Bb4 7. Nd2 Bxc3 8.
bxc3 Qc6 9. Nxe4 O-O 10. Bd2 Nxe4 11. dxe4 Re8 12. f3 Nd7 13. Qb5 Qf6 14. Bd3
c6 15. Qg5 Qd6 16. O-O Ne5 17. Bf4 Qc5+ 18. Kh1 Nxd3 19. cxd3 Qxc3 20. Rac1
Qxd3 21. Be5 Rxe5 22. Qxe5 Be6 23. Rfd1 Qe2 24. Qc7 h6 25. Qxb7 Re8 26. Qxa7
Bxa2 27. Re1 Qd2 28. Qe3 Qd6 29. Qc5 Qf4 30. Qxc6 Rf8 31. Qc7 Qd2 32. Qc2 Qxc2
33. Rxc2 Be6 34. g4 g5 35. Kg2 Kg7 36. Kg3 Ra8 37. h4 Ra3 38. hxg5 hxg5 39. Kf2
Kg6 40. Re3 Ra1 41. Rec3 Rh1 42. Rc6 Rh2+ 43. Kg3 Rh1 44. Kg2 Ra1 45. Rd2 Ra3
46. Rdd6 Kf6 47. Kg3 Rb3 48. Rc5 Re3 49. e5+ Rxe5 50. Rxe5 Kxe5 51. Rb6 Kf6 52.
Kf2 Ke5 53. Ke3 Kf6 54. Rb5 Kg6 55. Ra5 Kf6 56. Kd4 Bb3 57. Ra6+ Be6 58. Ke4
Kg6 59. Ke5 Kg7 60. Rxe6 fxe6 61. Kxe6 Kg6 62. Ke5 Kg7 63. Kf5 Kh6 64. Kf6 {
Normal} 1-0

[Event "Rated Blitz tournament teyQawcg"]
[Site "?"]
[Date "2021.05.27"]
[Round "?"]
[White "Gambit75"]
[Black "dr_xStranger"]
[Result "0-1"]
[WhiteElo "2328"]
[BlackElo "2498"]
[PlyCount "54"]
[EventDate "2021.??.??"]
[EventType "blitz"]

1. e4 e5 2. Nf3 d5 3. d4 dxe4 4. Nxe5 Bd6 5. f4 exf3 6. Nxf3 Nf6 7. Bd3 O-O 8.
O-O h6 9. c3 Nc6 10. Nbd2 Re8 11. Nc4 Bg4 12. Nxd6 Qxd6 13. Bd2 Ne4 14. Qc2
Nxd2 15. Qxd2 Rad8 16. Rae1 Rxe1 17. Nxe1 Re8 18. h3 Bh5 19. Nf3 Qg3 20. Qf2
Qd6 21. Nh4 Qe6 22. Nf5 Bg6 23. c4 Bxf5 24. Bxf5 Qxc4 25. Bd7 Re2 26. Qf4 Qxd4+
27. Kh1 Qxd7 {Normal} 0-1

[Event "Rated Blitz game"]
[Site "?"]
[Date "2021.05.27"]
[Round "?"]
[White "StudyKeyser"]
[Black "elcabusin"]
[Result "0-1"]
[WhiteElo "2265"]
[BlackElo "2400"]
[PlyCount "140"]
[EventDate "2021.??.??"]
[EventType "blitz"]

1. e4 e5 2. Nf3 d5 3. exd5 e4 4. Qe2 Nf6 5. Nc3 Be7 6. Nxe4 Nxd5 7. d3 O-O 8.
Qd1 Re8 9. Be2 Nc6 10. O-O Bf5 11. Ng3 Bg6 12. d4 h5 13. Bd3 Qd6 14. Ne4 Qd7
15. Nc5 Qc8 16. Bxg6 fxg6 17. Nd3 Bf6 18. c3 Qf5 19. Re1 Kh7 20. h4 Rad8 21.
Bg5 b6 22. Qd2 Na5 23. Rxe8 Rxe8 24. b3 Nb7 25. Nde5 Nd6 26. Re1 Re6 27. Qd3
Qxd3 28. Nxd3 Rxe1+ 29. Ndxe1 Nxc3 30. a4 Nf5 31. Bxf6 gxf6 32. Nc2 a5 33. Kf1
Kg7 34. Ne3 Ne7 35. Ke1 Ne4 36. Nd2 Nd6 37. Ndc4 Ndf5 38. Nxf5+ Nxf5 39. d5
Nxh4 40. g3 Nf5 41. Ke2 Nd6 42. Nxd6 cxd6 43. Kd3 g5 44. Kc4 h4 45. gxh4 gxh4
46. Kb5 h3 47. Kxb6 h2 48. Kc6 h1=Q 49. Kxd6 Qb1 50. Kc6 Qxb3 51. d6 Qxa4+ 52.
Kc7 Qb5 53. d7 Qxd7+ 54. Kxd7 a4 55. f4 a3 56. f5 a2 57. Ke7 a1=Q 58. Kd7 Qe5
59. Kc6 Qxf5 60. Kd6 Qe5+ 61. Kc6 f5 62. Kb6 f4 63. Kc6 f3 64. Kb6 f2 65. Kc6
Qe2 66. Kb6 f1=Q 67. Ka7 Qfd1 68. Kb7 Qec2 69. Ka6 Qdb1 70. Ka5 Qca2# {Normal}
0-1